[Event "Kup Centralne Srbije 2013"]
[Site "Vrnjacka Banja"]
[Date "2013.04.26"]
[Round "5.1"]
[White "Ilic, Zoran S"]
[Black "Dezelin, Milan"]
[Result "1/2-1/2"]
[WhiteElo "2284"]
[BlackElo "2297"]
[PlyCount "47"]
[EventDate "2013.03.24"]

1. d4 Nf6 2. Nf3 e6 3. c4 Bb4+ 4. Bd2 c5 5. Bxb4 cxb4 6. g3 O-O 7. Bg2 d6 8.
O-O Re8 9. a3 Nc6 10. axb4 Nxb4 11. Nc3 Bd7 12. Ne1 Qc7 13. b3 e5 14. e3 a6 15.
Nd3 exd4 16. exd4 Nxd3 17. Qxd3 Bc6 18. Rfe1 Qb6 19. Bxc6 bxc6 20. Ne4 Nxe4 21.
Rxe4 Rxe4 22. Qxe4 g6 23. Re1 a5 24. Re3 1/2-1/2

[Event "Kup Centralne Srbije 2013"]
[Site "Vrnjacka Banja"]
[Date "2013.04.26"]
[Round "5.1"]
[White "Mladenovic, Stefan"]
[Black "Mitrovic, Darko R"]
[Result "0-1"]
[WhiteElo "2297"]
[BlackElo "2259"]
[PlyCount "68"]
[EventDate "2013.03.24"]

1. d4 Nf6 2. Nf3 e6 3. e3 c5 4. Bd3 d5 5. c3 Bd6 6. Nbd2 O-O 7. O-O Nbd7 8. Qe2
e5 9. dxe5 Nxe5 10. Nxe5 Bxe5 11. e4 Re8 12. f4 dxe4 13. Nxe4 Bd4+ 14. cxd4
Nxe4 15. Bb5 Bd7 16. Bxd7 Qxd7 17. dxc5 Nxc5 18. Qf3 Qd4+ 19. Kh1 Rad8 20. f5
b6 21. Rb1 Nd3 22. h3 f6 23. Qg3 Re2 24. Kh2 Rc8 25. Bh6 Qe5 26. Rf4 Rc7 27.
Qxd3 gxh6 28. Qg3+ Kf8 29. Rd1 Rcc2 30. Rg1 Re3 31. Qh4 Rf3 32. Rc1 Rxf4 33.
Qxh6+ Kg8 34. Re1 Re4+ 0-1

[Event "Kup Centralne Srbije 2013"]
[Site "Vrnjacka Banja"]
[Date "2013.04.26"]
[Round "5.1"]
[White "Stankovic, Dejan"]
[Black "Djordjevic, Vuk"]
[Result "1-0"]
[WhiteElo "2265"]
[BlackElo "2140"]
[PlyCount "95"]
[EventDate "2013.03.24"]

1. e4 d5 2. exd5 Qxd5 3. Nc3 Qd6 4. d4 Nf6 5. g3 c6 6. Bf4 Qb4 7. a3 Qa5 8. b4
Qd8 9. Bg2 Bg4 10. Qd3 e6 11. Nge2 Bd6 12. O-O O-O 13. Bg5 Nbd7 14. b5 Bf5 15.
Qd2 Rc8 16. bxc6 bxc6 17. Na4 Qe7 18. c4 Nb6 19. Nxb6 axb6 20. a4 Rfd8 21. h3
h6 22. Bxf6 Qxf6 23. a5 bxa5 24. Rxa5 Be5 25. dxe5 Rxd2 26. exf6 Rxe2 27. Rc5
gxf6 28. Rd1 Re5 29. Rxe5 fxe5 30. c5 Bc2 31. Rd6 Ba4 32. g4 Kf8 33. Kh2 Ke7
34. Kg3 f5 35. gxf5 exf5 36. Rxh6 Rg8+ 37. Kh2 e4 38. h4 Rd8 39. Bh3 Rd5 40.
Kg3 Rxc5 41. Kf4 e3 42. fxe3 Bc2 43. Bg2 Rc4+ 44. Ke5 Rc5+ 45. Kd4 Ra5 46. Rxc6
Ra4+ 47. Rc4 Ra3 48. Rxc2 1-0

[Event "Kup Centralne Srbije 2013"]
[Site "Vrnjacka Banja"]
[Date "2013.04.26"]
[Round "5.2"]
[White "Marinkovic, Zoran"]
[Black "Stankovic, Dragan P"]
[Result "1/2-1/2"]
[WhiteElo "2262"]
[BlackElo "2269"]
[PlyCount "36"]
[EventDate "2013.03.24"]

1. e4 c5 2. Nf3 e6 3. d3 Nc6 4. g3 d5 5. Nbd2 Bd6 6. Bg2 Nge7 7. O-O O-O 8. Re1
Rb8 9. h4 a5 10. Nf1 Bc7 11. exd5 exd5 12. d4 b6 13. c3 Bf5 14. Be3 Bd6 15. Qd2
Be4 16. Bf4 cxd4 17. Nxd4 Nxd4 18. Bxd6 Qxd6 1/2-1/2

[Event "Kup Centralne Srbije 2013"]
[Site "Vrnjacka Banja"]
[Date "2013.04.26"]
[Round "5.2"]
[White "Avramovic, Zoran"]
[Black "Kurcubic, Aleksandar"]
[Result "1-0"]
[WhiteElo "2293"]
[BlackElo "2272"]
[PlyCount "95"]
[EventDate "2013.03.24"]

1. e4 e5 2. Nf3 Nc6 3. d4 exd4 4. Nxd4 Bc5 5. Nf5 g6 6. Ne3 Nf6 7. Nc3 O-O 8.
Bd3 Re8 9. O-O Nb4 10. Qf3 Nxd3 11. cxd3 c6 12. Rd1 d5 13. e5 Bxe3 14. Bxe3
Rxe5 15. Bd4 Rf5 16. Qe3 b6 17. b4 Qd6 18. a3 Bd7 19. Re1 Re8 20. Qg3 Qxg3 21.
hxg3 h5 22. a4 Be6 23. a5 Nd7 24. axb6 axb6 25. Na4 h4 26. Nxb6 Nxb6 27. Bxb6
hxg3 28. fxg3 Rg5 29. Kf2 Rg4 30. Bc5 Rg5 31. Ra6 Rf5+ 32. Kg1 Rc8 33. Bd4 Rg5
34. Kf2 Bf5 35. Rxc6 Rf8 36. Bf6 Rh5 37. d4 Be6 38. Be5 Re8 39. b5 Bd7 40. Rb6
Rf5+ 41. Ke3 f6 42. g4 Rg5 43. Rxf6 Rxg4 44. b6 Bc8 45. Rc1 Bf5 46. b7 Rg3+ 47.
Kf4 Rb3 48. Rxf5 1-0

[Event "Kup Centralne Srbije 2013"]
[Site "Vrnjacka Banja"]
[Date "2013.04.26"]
[Round "5.2"]
[White "Urosevic, Radojko"]
[Black "Mircic, Ivan"]
[Result "0-1"]
[WhiteElo "2214"]
[BlackElo "2250"]
[PlyCount "65"]
[EventDate "2013.03.24"]

1. e4 c5 2. Nf3 e6 3. d4 cxd4 4. Nxd4 a6 5. c4 Nf6 6. Nc3 Qc7 7. a3 b6 8. Be3
Bb7 9. f3 d6 10. Rc1 Nbd7 11. Be2 Be7 12. O-O O-O 13. Qd2 Rac8 14. b4 Qb8 15.
h3 Bd8 16. Rfd1 Bc7 17. Qe1 Rfe8 18. g4 d5 19. g5 Nh5 20. cxd5 exd5 21. Nf5
Bh2+ 22. Kg2 Nf4+ 23. Bxf4 Bxf4 24. Rb1 dxe4 25. Nxe4 Bxe4 26. fxe4 Nf8 27. Bd3
Bxg5 28. Qg3 Qxg3+ 29. Nxg3 Ng6 30. Bxa6 Nf4+ 31. Kf3 Rc3+ 32. Kg4 Ng6 33. Bd3
0-1

[Event "Kup Centralne Srbije 2013"]
[Site "Vrnjacka Banja"]
[Date "2013.04.26"]
[Round "5.3"]
[White "Keca, Dragomir"]
[Black "Garic, Radomir"]
[Result "1/2-1/2"]
[WhiteElo "2188"]
[BlackElo "2260"]
[PlyCount "79"]
[EventDate "2013.03.24"]

1. c4 c5 2. Nf3 Nc6 3. d4 cxd4 4. Nxd4 g6 5. e4 Bg7 6. Be3 Nf6 7. Nc3 O-O 8.
Be2 d6 9. O-O Bd7 10. Qd2 Nxd4 11. Bxd4 Bc6 12. f3 Nd7 13. Rfd1 Bxd4+ 14. Qxd4
a5 15. Rac1 Qb6 16. Nd5 Bxd5 17. Qxb6 Nxb6 18. cxd5 Rfc8 19. Bb5 f5 20. exf5
gxf5 21. Bd3 f4 22. Bf5 Rxc1 23. Be6+ Kg7 24. Rxc1 Kg6 25. Rc7 Ra7 26. h4 a4
27. Kh2 h5 28. Kg1 Ra5 29. Rxb7 Nxd5 30. Bxd5 Rxd5 31. Rb4 Rd1+ 32. Kh2 e5 33.
Rxa4 d5 34. Ra8 Rd2 35. b4 Rb2 36. Ra5 d4 37. b5 d3 38. Ra3 d2 39. Rd3 e4 40.
fxe4 1/2-1/2

[Event "Kup Centralne Srbije 2013"]
[Site "Vrnjacka Banja"]
[Date "2013.04.26"]
[Round "5.3"]
[White "Djokic, Nebojsa"]
[Black "Stojiljkovic, Stefan"]
[Result "1-0"]
[WhiteElo "2206"]
[BlackElo "2037"]
[PlyCount "107"]
[EventDate "2013.03.24"]

1. e4 c5 2. Nf3 d6 3. c3 Nf6 4. Bd3 g6 5. Bc2 Bg7 6. O-O O-O 7. h3 Nc6 8. d4
cxd4 9. Nxd4 Bd7 10. Be3 a6 11. a4 Rc8 12. Na3 Nh5 13. Qd2 Re8 14. Rad1 Ne5 15.
b3 Qc7 16. c4 Nc6 17. Nxc6 Bxc6 18. a5 Nf6 19. Bb6 Qd7 20. Rfe1 Qe6 21. Bd4
Red8 22. Nb1 Nd7 23. Nc3 Bxd4 24. Qxd4 Qf6 25. Nd5 Bxd5 26. exd5 Qxd4 27. Rxd4
Kf8 28. f4 Rc5 29. Ra1 Rdc8 30. Bd1 Nf6 31. Be2 R5c7 32. g4 Nd7 33. g5 Nc5 34.
Ra3 Re8 35. b4 e5 36. fxe5 Rxe5 37. bxc5 Rxe2 38. cxd6 Rd7 39. Rc3 Rxd6 40. c5
Rd8 41. d6 Ra2 42. Re4 Rd7 43. Rce3 Rxa5 44. Re8+ Kg7 45. Rc8 Ra1+ 46. Kf2 Ra2+
47. Kg3 h6 48. h4 hxg5 49. hxg5 Rc2 50. Ree8 Rc3+ 51. Kf2 Rc2+ 52. Ke1 Rc1+ 53.
Kd2 Rxc5 54. Rg8+ 1-0

[Event "Kup Centralne Srbije 2013"]
[Site "Vrnjacka Banja"]
[Date "2013.04.26"]
[Round "5.3"]
[White "Zivkovic, Ljubisa"]
[Black "Djukic, Slobodan D"]
[Result "0-1"]
[WhiteElo "1995"]
[BlackElo "2191"]
[PlyCount "86"]
[EventDate "2013.03.24"]

1. e4 c5 2. Nf3 Nc6 3. d4 cxd4 4. Nxd4 Nf6 5. Nc3 e5 6. Ndb5 d6 7. Bg5 a6 8.
Na3 b5 9. Nd5 Qa5+ 10. Bd2 Qd8 11. Bg5 Be7 12. Bxf6 Bxf6 13. c3 O-O 14. Nc2 Bg5
15. h4 Bh6 16. Bd3 Ne7 17. Nce3 Bxe3 18. Nxe3 Be6 19. h5 h6 20. g3 d5 21. exd5
Nxd5 22. Qe2 Qg5 23. Nxd5 Bxd5 24. Be4 Bxe4 25. Qxe4 Rad8 26. Qe2 f5 27. Rd1 f4
28. gxf4 exf4 29. Rxd8 Rxd8 30. Kf1 Qd5 31. Rh3 Qxa2 32. Rf3 Qd5 33. Qe7 Rf8
34. Rh3 Qd1+ 35. Qe1 Qg4 36. Rh2 Rd8 37. Rg2 Qd7 38. f3 Re8 39. Qb1 Re3 40. Kg1
Qe7 41. Qa2+ Kh8 42. Rf2 Re1+ 43. Rf1 Qg5+ 0-1

[Event "Kup Centralne Srbije 2013"]
[Site "Vrnjacka Banja"]
[Date "2013.04.26"]
[Round "5.3"]
[White "Mickovic, Slavisa"]
[Black "Velickovic, Dusan"]
[Result "1-0"]
[WhiteElo "2088"]
[BlackElo "1991"]
[PlyCount "83"]
[EventDate "2013.03.24"]

1. d4 d5 2. c4 e6 3. Nc3 Nf6 4. Nf3 c6 5. cxd5 exd5 6. Bg5 h6 7. Bh4 Be7 8. e3
Bf5 9. Bd3 Bxd3 10. Qxd3 Nbd7 11. O-O O-O 12. Rab1 a5 13. a3 Nh5 14. Bxe7 Qxe7
15. b4 axb4 16. axb4 b5 17. Qf5 g6 18. Qh3 Qe6 19. Qxe6 fxe6 20. Ra1 Kf7 21.
Ne5+ Nxe5 22. dxe5 Ke7 23. Ne2 Kd7 24. g4 Ng7 25. Nf4 g5 26. Nd3 Rfb8 27. Nc5+
Ke7 28. f4 Ne8 29. f5 exf5 30. gxf5 Nc7 31. Kf2 Rxa1 32. Rxa1 Ra8 33. Ra5 h5
34. Kf3 Rxa5 35. bxa5 b4 36. Ke2 g4 37. Nd3 h4 38. Nxb4 c5 39. Nd3 c4 40. Nf4
h3 41. Kf2 c3 42. Ne2 1-0

[Event "Kup Centralne Srbije 2013"]
[Site "Vrnjacka Banja"]
[Date "2013.04.26"]
[Round "5.4"]
[White "Trailovic, Mile"]
[Black "Rihterovic, Milan"]
[Result "0-1"]
[WhiteElo "2141"]
[BlackElo "2199"]
[PlyCount "103"]
[EventDate "2013.03.24"]

1. e4 e5 2. Nc3 Nf6 3. Nf3 Nc6 4. d3 Bc5 5. Bg5 h6 6. Bh4 g5 7. Bg3 d6 8. h3
Be6 9. a3 a6 10. Qd2 Nh5 11. Bh2 Nf4 12. Bg1 Qf6 13. Nh2 h5 14. Ne2 O-O-O 15.
Nxf4 gxf4 16. b4 Bb6 17. c4 Qe7 18. Nf3 Rhg8 19. O-O-O f5 20. Kb1 Qh7 21. Qc2
Kb8 22. Re1 Bd7 23. Qb3 Qe7 24. Rc1 Rc8 25. Qd1 h4 26. Qe1 Ba7 27. Ka2 Qh7 28.
Rb1 Nd8 29. Nd2 Ne6 30. f3 Bxg1 31. Rxg1 Nd4 32. Rh1 Rg3 33. Rb2 Ba4 34. Qc1
Rcg8 35. Nb1 Bd7 36. Nc3 fxe4 37. dxe4 Be6 38. b5 a5 39. Nd5 Qf7 40. Qc3 b6 41.
Kb1 Bd7 42. Ka1 Ne6 43. Qd2 Nc5 44. Qd1 Be6 45. a4 Ka7 46. Rh2 R3g7 47. Ka2 Qg6
48. Rh1 Qf7 49. Ka3 Rg3 50. Ka2 Re8 51. Kb1 Rgg8 52. Rh2 0-1

[Event "Kup Centralne Srbije 2013"]
[Site "Vrnjacka Banja"]
[Date "2013.04.26"]
[Round "5.4"]
[White "Tosic, Branislav"]
[Black "Kostic, Ninoslav"]
[Result "1-0"]
[WhiteElo "2234"]
[BlackElo "2186"]
[PlyCount "77"]
[EventDate "2013.03.24"]

1. d4 d6 2. e4 g6 3. c4 Bg7 4. Nc3 c6 5. Be3 Nf6 6. f3 Nbd7 7. Qd2 a6 8. O-O-O
Qa5 9. Kb1 b5 10. h4 b4 11. Nce2 h5 12. Nh3 c5 13. Ng5 O-O 14. Nc1 Qc7 15. d5
Ne5 16. Bd3 a5 17. Ne2 Ba6 18. Rc1 a4 19. Nf4 Nh7 20. Be2 Nxg5 21. hxg5 a3 22.
b3 Bc8 23. g4 hxg4 24. fxg4 e6 25. Bd1 Re8 26. Qh2 Qe7 27. Qh7+ Kf8 28. Rh6
exd5 29. Nxd5 Qd8 30. Be2 Be6 31. Nf4 Bxh6 32. gxh6 Ke7 33. Nxg6+ Nxg6 34. Bg5+
Kd7 35. Bxd8 Raxd8 36. Qg7 Rg8 37. Qf6 Ne5 38. h7 Rh8 39. Qg7 1-0

[Event "Kup Centralne Srbije 2013"]
[Site "Vrnjacka Banja"]
[Date "2013.04.26"]
[Round "5.5"]
[White "Blagojevic, Nebojsa"]
[Black "Kahrovic, Mersid"]
[Result "1/2-1/2"]
[WhiteElo "2324"]
[BlackElo "2308"]
[PlyCount "86"]
[EventDate "2013.03.24"]

1. e4 d6 2. d4 Nf6 3. Nc3 g6 4. g3 Bg7 5. Bg2 O-O 6. Nge2 Nc6 7. O-O e5 8. d5
Ne7 9. h3 Nh5 10. g4 Nf6 11. Ng3 Nd7 12. Be3 Nb6 13. Qc1 Nc4 14. Bg5 f6 15. b3
fxg5 16. bxc4 h6 17. Qe3 b6 18. Rfd1 Kh7 19. Bf1 Ng8 20. f3 Nf6 21. Kg2 Nd7 22.
Nge2 Nc5 23. Nc1 Bd7 24. Nb3 Na4 25. Be2 Qf6 26. Nxa4 Bxa4 27. Qc3 Qf4 28. Rab1
Rf7 29. Qd2 Qf6 30. Nc1 Raf8 31. Nd3 Qe7 32. Rf1 a5 33. Nb2 Bd7 34. Nd3 Rh8 35.
c3 Bf8 36. Rh1 Qf6 37. Qe3 Be7 38. Rh2 Kg7 39. Rbh1 Bc8 40. Ne1 Rff8 41. Nc2
Ba6 42. Na3 Qf4 43. Qxf4 Rxf4 1/2-1/2

[Event "Kup Centralne Srbije 2013"]
[Site "Vrnjacka Banja"]
[Date "2013.04.26"]
[Round "5.5"]
[White "Mrsevic, Miroslav"]
[Black "Mitrovic, Marjan"]
[Result "1/2-1/2"]
[WhiteElo "2294"]
[BlackElo "2113"]
[PlyCount "90"]
[EventDate "2013.03.24"]

1. e4 c5 2. d3 Nc6 3. g3 g6 4. Bg2 Bg7 5. Nc3 e6 6. Be3 d6 7. Qd2 Nd4 8. Nd1 h5
9. c3 Nc6 10. h3 e5 11. f4 Be6 12. Nf3 f6 13. Nh4 Bf7 14. O-O exf4 15. gxf4
Nge7 16. Qf2 Qd7 17. d4 cxd4 18. cxd4 Bc4 19. d5 Nb4 20. Nc3 Bxf1 21. Bxf1 O-O
22. Qg2 Qe8 23. Bb5 Qf7 24. Bd7 Nexd5 25. exd5 Qxd7 26. a3 Nd3 27. Rd1 Nc5 28.
b4 Rfe8 29. Bd4 Nb3 30. Bf2 g5 31. Nf3 g4 32. Nh2 f5 33. Nb1 a5 34. Qg3 a4 35.
Nf1 Rac8 36. Qh4 Qf7 37. Qg5 Qf6 38. Qxh5 Re2 39. Ng3 Rxf2 40. Kxf2 Qb2+ 41.
Kg1 Qc2 42. Re1 Nd4 43. Kh1 Qb3 44. Re8+ Rxe8 45. Qxe8+ Kh7 1/2-1/2

[Event "Kup Centralne Srbije 2013"]
[Site "Vrnjacka Banja"]
[Date "2013.04.26"]
[Round "5.5"]
[White "Brajovic, Miroljub"]
[Black "Mitrovic, Mikica"]
[Result "0-1"]
[WhiteElo "2161"]
[BlackElo "1974"]
[PlyCount "76"]
[EventDate "2013.03.24"]

1. e4 d6 2. d4 Nf6 3. Nc3 g6 4. Bg5 h6 5. Bf4 Bg7 6. h4 Nc6 7. Qd2 Nh5 8. Be3
e5 9. d5 Nd4 10. Nge2 Nxe2 11. Bxe2 Nf6 12. f3 Nh5 13. g4 Nf4 14. O-O-O a6 15.
Bf1 b5 16. Ne2 Nxe2+ 17. Bxe2 Bd7 18. Rdf1 Rc8 19. g5 h5 20. f4 exf4 21. Rxf4
Be5 22. Rf2 c5 23. Bf4 Bd4 24. Be3 Bg7 25. Rhf1 O-O 26. Bf4 Qb6 27. Be3 b4 28.
Rf6 Qa5 29. Kb1 c4 30. Bd4 c3 31. Qc1 Bb5 32. R1f2 Bxe2 33. Rxe2 Qb5 34. Qe3
Rc4 35. Ref2 Qa4 36. e5 dxe5 37. Qxe5 Re8 38. Rxf7 Rxe5 0-1

[Event "Kup Centralne Srbije 2013"]
[Site "Vrnjacka Banja"]
[Date "2013.04.26"]
[Round "5.6"]
[White "Zivkovic, Ivan B"]
[Black "Bura, Goran"]
[Result "1/2-1/2"]
[WhiteElo "2339"]
[BlackElo "2209"]
[PlyCount "87"]
[EventDate "2013.03.24"]

1. e4 c5 2. Nf3 e6 3. d4 cxd4 4. Nxd4 a6 5. Bd3 Bc5 6. Nb3 Be7 7. O-O d6 8. c4
Nd7 9. Nc3 Ngf6 10. f4 h5 11. Qe2 b6 12. Bd2 Bb7 13. Rae1 h4 14. Nd4 h3 15. g3
Rh5 16. b4 e5 17. Nf5 Kf8 18. Nd5 Bxd5 19. exd5 g6 20. fxe5 Nxe5 21. Nxe7 Qxe7
22. Bc3 Re8 23. Bc2 Kg8 24. Qf2 Nfd7 25. Ba4 Rf5 26. Qe3 Rxf1+ 27. Rxf1 Nxc4
28. Qxe7 Rxe7 29. Bxd7 Rxd7 30. Bf6 Ne5 31. Rc1 g5 32. Kf1 Kh7 33. Ke2 Kg6 34.
Bxe5 Re7 35. Rc6 Rxe5+ 36. Kf3 Rxd5 37. Rxb6 Rd2 38. Rxa6 Rxh2 39. Rxd6+ Kf5
40. Rd5+ Kg6 41. Kg4 Rxa2 42. Rxg5+ Kf6 43. Rf5+ Ke6 44. Rf1 1/2-1/2

[Event "Kup Centralne Srbije 2013"]
[Site "Vrnjacka Banja"]
[Date "2013.04.26"]
[Round "5.6"]
[White "Rajkovic, Ljubisa"]
[Black "Zajic, Milan"]
[Result "1-0"]
[WhiteElo "2151"]
[BlackElo "2275"]
[PlyCount "75"]
[EventDate "2013.03.24"]

1. c4 e5 2. Nc3 Nc6 3. Nf3 Nf6 4. e3 Be7 5. d4 exd4 6. Nxd4 O-O 7. Nc2 a6 8.
Be2 Re8 9. O-O Bf8 10. f4 Rb8 11. Kh1 Bc5 12. Bf3 d6 13. e4 Bd7 14. Rb1 b5 15.
cxb5 axb5 16. b4 Bb6 17. Be3 Qc8 18. Bxb6 Rxb6 19. Ne3 Nb8 20. Qd3 Bc6 21. Ned5
Bxd5 22. exd5 Nbd7 23. Rbe1 Rxe1 24. Rxe1 h5 25. Qe2 g6 26. h3 Qa6 27. Qe3 Rb8
28. Qd4 Qb6 29. Qd2 Ra8 30. g4 hxg4 31. hxg4 Kg7 32. Kg2 Qb7 33. g5 Ng8 34. Rh1
Qa7 35. a3 Qxa3 36. Qd4+ Kf8 37. Rh7 Qb2+ 38. Kg3 1-0

[Event "Kup Centralne Srbije 2013"]
[Site "Vrnjacka Banja"]
[Date "2013.04.26"]
[Round "5.6"]
[White "Pantic, Ivica"]
[Black "Njegic, Vladimir"]
[Result "0-1"]
[WhiteElo "2204"]
[BlackElo "2153"]
[PlyCount "52"]
[EventDate "2013.03.24"]

1. Nf3 Nf6 2. c4 g6 3. Nc3 Bg7 4. e4 d6 5. d4 O-O 6. Be2 e5 7. O-O Na6 8. Be3
Ng4 9. Bg5 Qe8 10. c5 f6 11. Bh4 exd4 12. Nxd4 dxc5 13. Nb3 Nh6 14. Bxa6 bxa6
15. Qd5+ Be6 16. Qxc5 f5 17. Nd4 fxe4 18. Nxe4 Rf4 19. Nxe6 Qxe6 20. Ng5 Qc4
21. Qxc4+ Rxc4 22. Bg3 Bxb2 23. Rab1 Rc2 24. Rfd1 c5 25. Rd7 Nf5 26. Rb7 Re8
0-1

[Event "Kup Centralne Srbije 2013"]
[Site "Vrnjacka Banja"]
[Date "2013.04.26"]
[Round "5.6"]
[White "Kostic, Marko"]
[Black "Urosevic, Miroljub"]
[Result "0-1"]
[WhiteElo "1668"]
[BlackElo "2091"]
[PlyCount "56"]
[EventDate "2013.03.24"]

1. d4 Nf6 2. Bf4 e6 3. e3 c5 4. c3 b6 5. Nd2 Bb7 6. h3 Be7 7. Ngf3 cxd4 8. exd4
d6 9. Bd3 Nbd7 10. O-O O-O 11. Re1 a6 12. a4 Re8 13. Nc4 Qc7 14. Nfd2 Bf8 15.
Qb3 Bd5 16. Qa3 e5 17. Bh2 Bxc4 18. Nxc4 d5 19. Qb3 dxc4 20. Bxc4 Re7 21. dxe5
Nxe5 22. Bxf7+ Rxf7 23. Rxe5 Bd6 24. f4 Bxe5 25. fxe5 Qc5+ 26. Kh1 Ne4 27. g4
Nf2+ 28. Kg2 Qc6+ 0-1

[Event "Kup Centralne Srbije 2013"]
[Site "Vrnjacka Banja"]
[Date "2013.04.26"]
[Round "5.7"]
[White "Zlatanovic, Zoran"]
[Black "Smolovic, Mile"]
[Result "1/2-1/2"]
[WhiteElo "2163"]
[BlackElo "2367"]
[PlyCount "79"]
[EventDate "2013.03.24"]

1. e4 c5 2. Nf3 e6 3. d3 Nf6 4. g3 Be7 5. Bg2 O-O 6. O-O Nc6 7. Re1 Rb8 8. c3
b5 9. Nbd2 Bb7 10. d4 cxd4 11. cxd4 Nb4 12. e5 Nfd5 13. Ne4 Rc8 14. Re2 Qb6 15.
a3 Nc6 16. Rc2 Rc7 17. Bd2 Nxd4 18. Nxd4 Qxd4 19. Rxc7 Nxc7 20. Bb4 Qxd1+ 21.
Rxd1 Bxb4 22. axb4 Bd5 23. Nc5 Rd8 24. Ra1 Bxg2 25. Kxg2 a6 26. Rc1 Ra8 27. Ra1
Nd5 28. Rxa6 Rxa6 29. Nxa6 Kf8 30. Nc5 Ke7 31. Nd3 d6 32. f4 dxe5 33. fxe5 f5
34. h4 g6 35. Kf3 h6 36. Ke2 g5 37. hxg5 hxg5 38. Kf3 g4+ 39. Ke2 Kf7 40. Kf2
1/2-1/2

[Event "Kup Centralne Srbije 2013"]
[Site "Vrnjacka Banja"]
[Date "2013.04.26"]
[Round "5.7"]
[White "Irizanin, Radoje"]
[Black "Kalcic, Krsta"]
[Result "1-0"]
[WhiteElo "2335"]
[BlackElo "2246"]
[PlyCount "47"]
[EventDate "2013.03.24"]

1. d4 d5 2. Nf3 Nf6 3. Bf4 e6 4. e3 Nbd7 5. Nbd2 c5 6. c3 Qb6 7. Qb3 c4 8. Qc2
Qa5 9. Be2 b5 10. O-O Bb7 11. b4 Qa3 12. Nb1 Qa6 13. Nbd2 Nb6 14. Ne5 Ne4 15.
a4 bxa4 16. b5 Qxb5 17. Rfb1 Qa6 18. Nxe4 dxe4 19. Nxc4 Nxc4 20. Rxa4 Qc6 21.
Rxc4 Qd5 22. Rc7 Bc8 23. Bb5+ Kd8 24. Bc6 1-0

[Event "Kup Centralne Srbije 2013"]
[Site "Vrnjacka Banja"]
[Date "2013.04.26"]
[Round "5.7"]
[White "Stojanovic, Jovica M"]
[Black "Mirkovic, Stevan"]
[Result "0-1"]
[WhiteElo "2047"]
[BlackElo "2294"]
[PlyCount "90"]
[EventDate "2013.03.24"]

1. e4 c6 2. d3 d5 3. Nd2 g6 4. g3 Bg7 5. Bg2 e5 6. Ngf3 Ne7 7. O-O O-O 8. Re1
Nd7 9. c3 a5 10. Qc2 Re8 11. Nf1 Qc7 12. a4 b6 13. Be3 Ba6 14. Rad1 Nf6 15. h3
Bxd3 16. Qxd3 dxe4 17. Qc4 exf3 18. Bxf3 Rac8 19. Nh2 h5 20. Bg5 Nh7 21. Bc1
Nf5 22. Bg2 Nd6 23. Qb3 c5 24. Bd5 Nf6 25. Bg2 c4 26. Qc2 Nd7 27. Be3 Nf5 28.
Bg5 Nc5 29. Bd5 Nd3 30. Rxd3 cxd3 31. Qxd3 Bh6 32. Bxh6 Qd6 33. Bg5 Kg7 34. Qe4
f6 35. Bc1 Qc5 36. Kg2 Red8 37. Bb3 Nd6 38. Qe2 Nc4 39. Bc2 Rc7 40. Nf3 Rcd7
41. Nh4 f5 42. Nf3 e4 43. Nd4 Re8 44. Bb3 Ne5 45. Be3 Qd6 0-1

[Event "Kup Centralne Srbije 2013"]
[Site "Vrnjacka Banja"]
[Date "2013.04.26"]
[Round "5.7"]
[White "Gavrilovic, Leonardo"]
[Black "Milutinovic, Stefana"]
[Result "0-1"]
[WhiteElo "2259"]
[BlackElo "2009"]
[PlyCount "146"]
[EventDate "2013.03.24"]

1. Nf3 g6 2. e4 Bg7 3. d4 d6 4. Bc4 Nf6 5. Nc3 O-O 6. O-O Nxe4 7. Nxe4 d5 8.
Bd3 dxe4 9. Bxe4 Nd7 10. c3 c5 11. Bg5 Qc7 12. Bxe7 Re8 13. d5 Qb6 14. d6 Bf6
15. Re1 Bxe7 16. Bc2 Nf6 17. dxe7 Be6 18. Ng5 Rxe7 19. Nxe6 Rxe6 20. Rxe6 Qxe6
21. Qf3 Re8 22. h3 Qe2 23. Qxe2 Rxe2 24. Rc1 Kf8 25. Kf1 Rd2 26. Ke1 Rd6 27.
Bb3 Ke7 28. Rd1 Ne4 29. Rxd6 Nxd6 30. Kd2 f5 31. Ke3 Kf6 32. f4 h6 33. Bd5 b6
34. Kd3 g5 35. Ke3 Ne8 36. g3 Ng7 37. Bc4 Nh5 38. Kf3 Ng7 39. Ke3 Nh5 40. Kf3
Ng7 41. fxg5+ hxg5 42. h4 gxh4 43. gxh4 Ke5 44. Bf7 Kf6 45. Bc4 Ke5 46. a3 a5
47. b3 Kf6 48. Kg3 Nh5+ 49. Kf3 Ng7 50. Kf4 Nh5+ 51. Kf3 Ng7 52. b4 cxb4 53.
cxb4 axb4 54. axb4 Ke5 55. Bg8 Kf6 56. Ke3 Ke5 57. Bf7 Kf6 58. Bd5 Ke5 59. Bb3
f4+ 60. Kf3 Nf5 61. Kg4 f3 62. Kxf3 Nd4+ 63. Kg4 Nxb3 64. Kg5 Nd4 65. h5 Nf5
66. Kg6 Ke6 67. Kg5 Ne7 68. Kf4 Nd5+ 69. Kg5 Kf7 70. Kf5 Nxb4 71. Ke5 Na6 72.
Kd6 b5 73. Kd5 Kg7 0-1

[Event "Kup Centralne Srbije 2013"]
[Site "Vrnjacka Banja"]
[Date "2013.04.26"]
[Round "5.8"]
[White "Bajevic, Branko"]
[Black "Marcetic, Predrag"]
[Result "0-1"]
[WhiteElo "2144"]
[BlackElo "2256"]
[PlyCount "102"]
[EventDate "2013.03.24"]

1. c4 e5 2. Nc3 Nf6 3. Nf3 Nc6 4. d4 e4 5. Nd2 Bb4 6. e3 O-O 7. Be2 Bxc3 8.
bxc3 d6 9. f3 Bf5 10. O-O Qe7 11. fxe4 Bg6 12. Bd3 Nxe4 13. Qc2 Rfe8 14. Nxe4
Bxe4 15. Rb1 Na5 16. Bxe4 Qxe4 17. Qxe4 Rxe4 18. Rb4 c5 19. Ra4 b6 20. Rf5 Rc8
21. Kf2 Kf8 22. Ke2 Re7 23. Kd3 Rec7 24. Rd5 Ke7 25. Ba3 Rc6 26. e4 f6 27. Bc1
cxd4 28. Rxd4 R8c7 29. Ba3 Nb7 30. Rd5 Ke6 31. g4 Nd8 32. Bc1 Nf7 33. Bf4 Ne5+
34. Bxe5 fxe5 35. Rb5 Rf7 36. Ke3 Rcc7 37. Rb1 Rf4 38. Rg1 Rcf7 39. Rg3 Rf1 40.
h3 a5 41. Ra3 Kd7 42. Rb3 Kc6 43. Rb2 R7f4 44. Kd3 R1f3+ 45. Rxf3 Rxf3+ 46. Kc2
Rxh3 47. Kb3 Rg3 48. Rh2 h6 49. Rh4 Kc5 50. a4 Rg2 51. Rh5 Rxg4 0-1

[Event "Kup Centralne Srbije 2013"]
[Site "Vrnjacka Banja"]
[Date "2013.04.26"]
[Round "5.8"]
[White "Milosevic, Zoran"]
[Black "Vujovic, Radojica"]
[Result "1-0"]
[WhiteElo "2249"]
[BlackElo "2088"]
[PlyCount "71"]
[EventDate "2013.03.24"]

1. d4 Nf6 2. Nf3 e6 3. c4 b6 4. Nc3 Bb7 5. g3 Bb4 6. Bg2 O-O 7. O-O a6 8. Bf4
Bxc3 9. bxc3 d6 10. Rb1 Be4 11. Rb2 Nbd7 12. a4 a5 13. Qb3 Re8 14. h3 Rb8 15.
Rd1 Qe7 16. Qb5 h6 17. Nd2 c6 18. Qb3 Bxg2 19. Kxg2 e5 20. Be3 e4 21. Qc2 Qe6
22. Rdb1 c5 23. Qb3 g5 24. Qb5 Kh8 25. Rh1 Rg8 26. h4 Ng4 27. Nf1 gxh4 28. Rxh4
Rbc8 29. Qa6 Qf6 30. Rxg4 h5 31. Rf4 Qg6 32. Qb7 Nf6 33. Rxb6 Rcd8 34. dxc5 Rd7
35. Rxf6 Rxb7 36. Rxg6 1-0

[Event "Kup Centralne Srbije 2013"]
[Site "Vrnjacka Banja"]
[Date "2013.04.26"]
[Round "5.8"]
[White "Lazic, Miodrag"]
[Black "Vasic, Vladimir"]
[Result "1/2-1/2"]
[WhiteElo "2013"]
[BlackElo "2188"]
[PlyCount "55"]
[EventDate "2013.03.24"]

1. e4 e5 2. Nf3 Nc6 3. d4 exd4 4. Bc4 Nf6 5. e5 d5 6. Bb5 Ne4 7. Nxd4 Bd7 8.
Bxc6 bxc6 9. O-O Be7 10. f3 Nc5 11. f4 O-O 12. f5 Bg5 13. Nc3 Re8 14. Bxg5 Qxg5
15. Qe2 Qe7 16. Rae1 Ne4 17. e6 Qc5 18. exd7 Qxd4+ 19. Qe3 Qxe3+ 20. Rxe3 Re7
21. Nxe4 dxe4 22. f6 Rxd7 23. Rxe4 g6 24. Rfe1 Kf8 25. Re7 Rd6 26. Rxc7 Rxf6
27. Rf1 Rxf1+ 28. Kxf1 1/2-1/2

[Event "Kup Centralne Srbije 2013"]
[Site "Vrnjacka Banja"]
[Date "2013.04.26"]
[Round "5.8"]
[White "Djokovic, Nebojsa"]
[Black "Merdovic, Miroljub"]
[Result "1-0"]
[WhiteElo "2115"]
[BlackElo "2153"]
[PlyCount "77"]
[EventDate "2013.03.24"]

1. e4 c6 2. d4 d6 3. Ne2 Qc7 4. c4 e5 5. Nbc3 Nf6 6. f4 Be7 7. Ng3 O-O 8. Be2
Re8 9. O-O Nbd7 10. Be3 Nf8 11. f5 exd4 12. Qxd4 N8d7 13. Rad1 Ne5 14. Bf4 Bf8
15. b4 Nfd7 16. Kh1 Qb6 17. a3 Qc7 18. b5 Nc5 19. a4 Qa5 20. f6 g6 21. Qd2 Kh8
22. Bh6 Bxh6 23. Qxh6 Rg8 24. Rxd6 Be6 25. Qe3 Qb4 26. Qd4 Ned7 27. bxc6 bxc6
28. Rxc6 Nb3 29. Qe3 Ne5 30. Rc7 Nxc4 31. Bxc4 Bxc4 32. Rb1 Be6 33. Nd5 Qd6 34.
Rxa7 Rxa7 35. Qxa7 Bxd5 36. exd5 Qxd5 37. Qb6 Rd8 38. Qe3 Qe6 39. Qh6 1-0